000
00341 a2200121 4500
001
ART_12796
005
20260410161733.0
008
260409a
245
1
0
_a
Con el "agua" al cuello
100
1
_a
Expósito, David
700
1
_a
Artana, Daniel
773
0
_t
Ejecutivos de finanzas
_g
- Año 6, Nº 48 (ago. 1988)
_w
REV2863
999
_c
18041
_d
18041